Komplexne o dôkazoch (Nad novou monografiou Vl. Matherna.)

Bibliographic Details
Main Author: Kolesár, Juraj, 1955-2011 (Author)
Format: Article
Language:Slovak
Subjects:

MARC

LEADER 00000nab a2200000 a 4500
001 vtls000195563
003 SK-MaSNL
005 20260311224839.0
008 250423c1984 xo 0 slo
015 |a SNBRB19rr/mm-uuuuu 
035 |a CL0205676 
035 |a urn:nbn:sk:snk-abd04c 
035 |a (urnnbn)urn:nbn:sk:snk:ar-007dfx 
035 |a (uuid)b7273e6c-e57e-4b88-b443-8a36914fe788 
040 |a SNKBUCL  |b slo  |c SNKBUCL  |e AACR2 
041 0 |a slo 
044 |a xo  |c SK 
080 |a 347.94  |2 1981 
100 1 |a Kolesár, Juraj,  |d 1955-2011  |4 aut  |9 5023 
245 1 0 |a Komplexne o dôkazoch  |b (Nad novou monografiou Vl. Matherna.)  |c Juraj Kolesár 
650 0 7 |a trestné právo procesné  |2 snkbucl  |9 2379 
650 0 7 |a dokazovanie (právo)  |2 snkbucl  |9 78643 
650 0 7 |a príručky  |2 snkbucl  |9 308973 
651 7 |a Československo  |2 snkbucl  |9 21376 
655 7 |a recenzie  |2 snkbucl  |9 21907 
655 7 |a články z novín a časopisov  |2 snkbucl  |9 267496 
773 0 |t Socialistické súdnictvo  |g Roč. 36, č. 10 (1984), s. 46-47 
787 0 8 |i Rec.:  |a Mathern, Vladimír  |t Dokazovanie v československom trestnom procese  |d Bratislava : Obzor, 1984 
850 |a Slovenská národná knižnica 
852 |a Slovenská národná knižnica 
954 |a odborná, vedecká literatúra pôvodná (slovenská)  |2 lita 
958 |a article17 
958 |a RK 
958 |a OND 
958 |a EUIPO 
992 |a RBX 
999 |c 3262613  |d 3264543